Capital cities of overseas territories - Statistics

General Stats
  • This quiz has been taken 46 times
    13 since last reset
  • The average score is 52 of 66
Answer Stats
Territory Capital % Correct
Wales Cardiff
100%
Isle of man Douglas
100%
Ascension island Georgetown
100%
Cayman islands Georgetown
100%
Pitcairn islands Adamstown
88%
Niue Alofi
88%
Cook islands Avarua
88%
Guadeloupe Basse-terre
88%
French guiana Cayenne
88%
US virgin islands Charlotte amalie
88%
Turks and caicos islands Cockburn town
88%
Scotland Edinburgh
88%
Tristan da cunha Edinburgh of the seven seas
88%
Martinique Fort-de-france
88%
Gibraltar Gibraltar
88%
Saint barthelemy Gustavia
88%
Guam Hagatna
88%
Bermuda Hamilton
88%
Hong kong Hong kong
88%
Saint helena Jamestown
88%
Norfolk island Kingston
88%
Bonaire Kralendijk
88%
Western sahara Laayoune
88%
Svalbard Longyearbyen
88%
Macau Macau
88%
Mayotte Mamoudzou
88%
Aland islands Mariehamn
88%
Wallis and futuna Mata-utu
88%
New caledonia Noumea
88%
Greenland Nuuk
88%
Aruba Oranjestad
88%
Sint eustatius Oranjestad
88%
American samoa Pago pago
88%
French polynesia Papeete
88%
Sint maarten Philipsburg
88%
Montserrat Plymouth/Brades
88%
British virgin islands Road town
88%
Reunion Saint-denis
88%
Jersey Saint helier
88%
Guernsey Saint peter port
88%
Saint pierre and miquelon Saint-pierre
88%
Northern mariana islands Saipan
88%
Puerto rico San juan
88%
Falkland islands Stanley
88%
Anguilla The valley
88%
Faroe islands Torshavn
88%
Cocos islands West island
88%
Curacao Willemstad
88%
Northern ireland Belfast
75%
Akrotiri and Dhekelia Episkopi cantonment
75%
Easter island Hanga roa
75%
Somaliland Hargeisa
75%
South georgia and the south sandwich islands King edward point
75%
Saint martin Marigot
75%
Saba The bottom
75%
Flying fish cove Christmas island
63%
British indian ocean territory Diego garcia
63%
Tokelau Nukunonu
50%
Jan mayen Olonkinbyen
50%
Transnistria Tiraspol
50%
Kerguelen islands Port-aux-francais
38%
Artsakh Stepanakert
38%
Abkhazia Sukhumi
38%
South ossetia Tskhinvali
38%
Crozet islands Alfred faure
25%
Saint paul and amsterdam islands Martin-de-vivies
13%
No matching quizzes found
Score Distribution
Percent of People with Each Score
Percentile by Number Answered
Your Score History
You have not taken this quiz since the last reset